000 00317nam a2200133Ia 4500
008 240624s9999 xx 000 0 und d
041 _aeng
082 _a823 FOL
100 _aFOLLETT KEN
245 _aEDGE OF ETERNITY
260 _c2014
_aNew Delhi
_bPenguin India
300 _axiii, : 1098 : p.
365 _cRS
_b25
999 _c23830
_d23830